| 000 | 00423nam a2200181Ia 4500 | ||
|---|---|---|---|
| 008 | 230711s9999||||xx |||||||||||||| ||und|| | ||
| 020 | _a81-85731-33-0 | ||
| 041 | _aENG | ||
| 082 |
_a615.1 _bDA-P |
||
| 100 | _aDandiya,P.C | ||
| 245 | 0 | _aIntroduction to pharmacology | |
| 250 | _a7th Ed. | ||
| 260 |
_c2008 _aDelhi _bVallabh Prakashan |
||
| 300 | _a576p. | ||
| 650 | _aPharmacy | ||
| 700 | _aKulkarni,S.K | ||
| 942 | _cBK | ||
| 999 |
_c7094 _d7094 |
||